Culture Générale - Série 2308 - Statistiques

Statistiques générales
  • Ce quiz a été pris 160 fois
  • Le résultat moyen est 6 sur 10
Statistiques - réponses
Question Réponse % Correct
Quelle est la capitale de la Mongolie ? Oulan Bator
82%
Quel élément chimique est représenté par le symbole "Na" ? sodium
74%
Quel est le premier Français à avoir été sacré champion du monde de formule 1 en 1985 ? prénom et nom Alain Prost
73%
Quel est le nom de la monnaie chinoise ? yuan
63%
George Orwell a écrit en 1945 un roman intitulé : "La ferme des .... animaux
61%
En quelle année a été déclarée l'indépendance des Etats Unis d'Amérique ? 1776
60%
Comment appelle-t-on les guerres ayant opposé Rome et Carthage de 264 à 146 av J.C ? Puniques
58%
Avec quel titre le groupe suédois Abba a-t-il remporté le concours Eurovision de la chanson en 1974 ? voir photo Waterloo
54%
Comment se nomme l'alliage composé de cuivre et d'étain ? bronze
50%
Dans le roman de Miguel de Cervantes, comment se nomme le fidèle écuyer de Don Quichotte ? Sancho Panza
26%
Aucun quiz correspondant
Distribution des résultats
% des personnes avec chaque résultat
Percentile par nombre de réponses
Votre historique - résultats
Vous n’avez pas pris ce quiz